Central Library OPAC University of Rajshahi

Reader and writer / (Record no. 21543)

MARC details
000 -LEADER
fixed length control field 00821cam a22002771 4500
001 - CONTROL NUMBER
control field 21543
003 - CONTROL NUMBER IDENTIFIER
rucl marc code BD-RjUL
005 - DATE AND TIME OF LATEST TRANSACTION
control field 20211209000711.0
008 - FIXED-LENGTH DATA ELEMENTS--GENERAL INFORMATION
fixed length control field 140304s1954 maua 001 0 eng
035 ## - SYSTEM CONTROL NUMBER
System control number (BD-RjUL)21607
System control number (OCoLC)361929
040 ## - CATALOGING SOURCE
Original cataloging agency DLC
Transcribing agency OO
Modifying agency BD-RjUL
Language of cataloging eng
041 ## - LANGUAGE CODE
Language code of text/sound track or separate title eng
082 00 - DEWEY DECIMAL CLASSIFICATION NUMBER
Classification number 808
Author mark and year HAR 1954
100 1# - MAIN ENTRY--PERSONAL NAME
Personal name Hayford, Harrison,
9 (RLIN) 52208
245 10 - TITLE STATEMENT
Title Reader and writer /
Statement of responsibility, etc. Harrison Hayford and Howard P. Vincent. With drawings by W.B. Scott.
260 ## - PUBLICATION, DISTRIBUTION, ETC. (IMPRINT)
Place of publication, distribution, etc. Boston :
Name of publisher, distributor, etc. Houghton Mifflin,
Date of publication, distribution, etc. c1954.
300 ## - PHYSICAL DESCRIPTION
Pagination xii, 596 p. :
Illustrations illus. ;
Size 25 cm.
504 ## - BIBLIOGRAPHY, ETC. NOTE
Bibliography, etc Includes index.
650 #0 - SUBJECT ADDED ENTRY--TOPICAL TERM
Topical term or geographic name as entry element Readers.
9 (RLIN) 66538
Topical term or geographic name as entry element English language
General subdivision Rhetoric.
9 (RLIN) 66539
700 1# - ADDED ENTRY--PERSONAL NAME
Personal name Vincent, Howard Paton,
Dates associated with a name 1904-
942 ## - ADDED ENTRY ELEMENTS (KOHA)
Source of classification or shelving scheme Dewey Decimal Classification
Koha item type Books
Holdings
Lost status Source of classification or shelving scheme Damaged status Not for loan Collection code Permanent Location Current Location Shelving location Date acquired Source of acquisition Total Checkouts Full call number Date last seen Copy number Koha item type
  Dewey Decimal Classification   Added to bundle Non-fiction Central Library, University of Rajshahi Central Library, University of Rajshahi Reading Room 07/04/1962 Asia Foundation   808 HAR 1954 04/03/2014 C-1 Books